| 000 | 00391nam a2200145Ia 4500 | ||
|---|---|---|---|
| 005 | 20250729165406.0 | ||
| 008 | 250729s2006 xx 000 0 und d | ||
| 041 | _aeng | ||
| 082 | _a370.78 MISP | ||
| 100 |
_aMishra B C _9222663 |
||
| 245 | _aPersonality Patterns and academic Achivements | ||
| 260 |
_aNew Delhi _bSonali Publication _c2006 |
||
| 300 | _a142p | ||
| 650 |
_aEducation _9222664 |
||
| 999 |
_c235559 _d235559 |
||